01527 a2200217 45000010006000000050017000060080041000230030015000640400040000790800027001192450048001460200022001942500013002162640034002293000022002635050860002850410008011451000029011537000028011828560099012105324320260407155806.0260407a2021 arg spa dAR-UNSa-BCEJYS aAR-UNSa-BCEJYSbspacAR-UNSa-BCEJYS a336.221xTributación10aProcedimiento fiscalpexplicado y comentado a978-987-01-2685-0 a14a. ed. 1aBuenos Aires :bErreparc2021 ax, 237 p.c27 cm. a1. Procedimiento fiscal – 2. Interpretación de leyes tributarias – 3. Domicilio, términos y notificaciones – 4. Relación jurídico – tributaria – 5. Liquidación y percepción de impuesto – 6. Extinción de la obligación tributaria – 7. Verificación y fiscalización – 8. Intereses, actualización e ilícitos tributarios – 9. Determinación de oficio – 10. Acción de repetición – 11. Recursos administrativos contra resoluciones de la AFIP – 12. Recursos y demandas ante la justicia – 13. Juicio de ejecución fiscal y pago provisorio de impuestos vencidos – 14. Tribunal fiscal de la nación. L.: 149/DR:76 A 87 – 15. Procedimiento de acuerdo mutuo previsto en los convenios para evitar la doble imposición internacional – 16. Determinaciones conjuntas de precios de operaciones internacionales. aspa1 aCeldeiro, Ernesto Carlos1 aImirizaldu, Juan José41uhttps://www.biblioeco.unsa.edu.ar/pmb/images/libros/L128386.jpgyImagen de portadaqimage/jpeg